Countries by Initial Letter and Length #4 - Statistics

General Stats
  • This quiz has been taken 2,731 times
  • The average score is 14 of 20
Answer Stats
hint country % Correct
I4 Iran
93%
I4 Iraq
93%
R6 Rwanda
89%
N5 Niger
79%
V9 Venezuela
77%
N5 Nauru
76%
N5 Nepal
75%
B7 Belgium
71%
B7 Bolivia
69%
R6 Russia
69%
B7 Belarus
62%
M6 Malawi
62%
B7 Bahrain
61%
N10 North Korea
61%
B7 Burundi
60%
M6 Monaco
60%
B7 Bahamas
58%
M9 Mauritius
55%
N10 New Zealand
54%
M6 Mexico
53%
No matching quizzes found
Score Distribution
Percent of People with Each Score
Percentile by Number Answered
Your Score History
You have not taken this quiz